| 000 | 00659nam a22001937a 4500 | ||
|---|---|---|---|
| 999 |
_c1581 _d1581 |
||
| 003 | AR-CdUCM | ||
| 008 | 190227b ||||| |||| 00| 0 spa d | ||
| 040 |
_aMUNICIPALIDAD PROVINCIAL DEL CUSCO _cBIBLIOTECA MUNICIPAL DEL CUSCO |
||
| 082 |
_a325.3 / _bM23 |
||
| 100 |
_aManrique, Manuel _95940 |
||
| 245 | _aLa peruvian corporation en la selva central del Perú / | ||
| 260 |
_aLima : _bCIPA , |
||
| 300 |
_a93 páginas ; _c20 cm. _e+1 mapa. |
||
| 440 |
_aCentro de investigación y promoción amazónica - documento _n3 _95941 |
||
| 505 | _aPeruvian corporation... | ||
| 650 |
_aPeruvian corporation _95942 |
||
| 942 |
_2ddc _cLIBROS |
||
| 945 |
_awfj _d2019-02-27 |
||